000 00342nam a2200145Ia 4500
005 20251222140108.0
008 251222s1900||||xx |||||||||||||| ||spa||
020 _a9788492268412
082 _a270/S86
100 _aSubirá, Vicente J.
245 0 _aSer Católico Auténtico:
250 _a1ra. ed.
264 _bNácher, S.L.
942 _cLIB
999 _c4185
_d4185